Name all football teams in the Netherlands with city - Eredivisie 2023 - Statistics

General Stats
  • This quiz has been taken 72 times
  • The average score is 26 of 36
Answer Stats
Hint Answer % Correct
Amsterdam
95%
Rotterdam
95%
Rotterdam
95%
Ajax
92%
Feyenoord
92%
Towns Eindhoven
87%
Nijmegen
84%
Teams PSV
84%
Utrecht
84%
AZ
80%
Sparta
80%
Alkmaar
79%
NEC
77%
Arnhem
75%
FC Utrecht
75%
Heerenveen
75%
Enschede
72%
FC Twente
72%
Vitesse
70%
Zwolle
70%
Go Ahead Eagles
67%
Volendam
67%
Waalwijk
67%
Almere
66%
Excelsior
66%
Excelsior
66%
Sittard
66%
PEC Zwolle
64%
SC Heerenveen
64%
Deventer
62%
Almelo
61%
FC Volendam
61%
RKC
61%
Almere City
59%
Fortuna Sittard
59%
Heracles
54%
No matching quizzes found
Score Distribution
Percent of People with Each Score
Percentile by Number Answered
Your Score History
You have not taken this quiz